Statistiques concernant Nommez un personnage Harry Potter valable #3

Cliquez ici pour prendre le quiz!

Statistiques générales

  • Ce quiz a été pris 2 640 fois
    (2 266 depuis la dernière actualisation)
  • Le résultat moyen est 16 sur 23

Statistiques - réponses

CritèrePersonnages% Correct
A déjà été capitaine de Quidditch à PoudlardOlivier Dubois | Cedric Diggory | Harry Potter ...
97%
A été élève à Serdaigle quand Harry était à PoudlardCho Chang | Luna Lovegood | Padma Patil ...
95%
Membre de la famille ou ancêtre de Sirius BlackOrion Black | Bellatrix Lestrange | Regulus Black ...
92%
A déjà descendu dans le trou menant à la
Chambre des Secrets
(exclut Harry et Ron)
Tom Jedusor | Gilderoy Lockhart | Ginny Weasley ...
91%
Vit dans un tableau à PoudlardLa Grosse dame | Chevalier du Catogan | Phineas Nigellus ...
90%
Loup-GarouFenrir Greyback | Remus Lupin
85%
Personnage ayant été doublé avec du PolynectarHarry Potter | Bellatrix Lestrange | Vincent Crabbe ...
82%
Directeur d'une maison à Poudlard
(Harry Potter à l'école des sorciers)
Severus Rogue | Minerva McGonagall | Filius Flitwick ...
80%
Membre de la famille d'Albus DumbledoreAbelforth Dumbledore | Ariana Dumbledore | Perceval Dumbledore
79%
Prénom commençant par la lettre XXenophilius Lovegood
78%
ChatPattenrond | Miss Teigne
75%
Ancien petit ami de Ginny Weasley
(exclut Harry)
Dean Thomas | Michael Corner
72%
Personnel travaillant à Poudlard
(exclut les professeurs et directeurs)
Argus Rusard | Rubeus Hagrid | Poppy Pomfresh ...
71%
AurorAlastor Maugrey | Kingsley Shaklebolt | Norbert Dragonneau ...
70%
Tué(e) par NaginiSeverus Rogue | Bathilda Tourdesac
68%
A été préfet en même temps que Ron et HermioneErnie MacMilan | Hannah Abbot | Drago Malefoy ...
66%
Membre de la famille de Neville LondubatAugusta Londubat | Frank Londubat | Alice Londubat ...
58%
GéantGraup | Fridluva | Golgomath ...
57%
ChienCrockdur | Touffu
52%
Frère PeverellIgnotus Peverell | Cadmus Peverell | Antioche Peverell
40%
Enfant de Percy et Audrey WeasleyMolly Weasley II | Lucy Weasley
34%
Enfant de Bill et Fleur WeasleyVictoire Weasley | Louis Weasley | Dominique Weasley
33%
Nom de famille commençant par la lettre V
(entrez le prénom)
Ludovic Verpey | Romilda Vane | Septima Vector ...
30%

Distribution des résultats

Percentile par nombre de réponses

% des personnes avec chaque résultat

Votre développement - résultats

Vous n’avez pas pris ce quiz depuis la dernière actualisation